000 01340nam a2200325 a 4500
001 ebr10224751
003 CaPaEBR
006 m u
007 cr cn|||||||||
008 020802s2002 nyua sb 001 0 eng
020 _z0826459994 (alk. paper)
020 _z0826460011 (pbk.)
040 _aCaPaEBR
_cCaPaEBR
035 _a(OCoLC)290595868
050 1 4 _aCB245
_b.T533 2002eb
082 0 4 _a909.82
_221
245 0 0 _aThresholds of western culture
_h[electronic resource] :
_bidentity, postcoloniality, transnationalism /
_cedited by John Burt Foster, Jr. and Wayne Jeffrey Froman.
260 _aNew York :
_bContinuum,
_c2002.
300 _avi, 274 p. :
_bill.
490 1 _aTextures
504 _aIncludes bibliographical references (p. [258]-265) and indexes.
533 _aElectronic reproduction.
_bPalo Alto, Calif. :
_cebrary,
_d2013.
_nAvailable via World Wide Web.
_nAccess may be limited to ebrary affiliated libraries.
650 0 _aCivilization, Western
_xHistory
_y20th century.
655 7 _aElectronic books.
_2local
700 1 _aFoster, John Burt,
_d1945-
700 1 _aFroman, Wayne Jeffrey,
_d1945-
710 2 _aebrary, Inc.
830 0 _aTextures (New York, N.Y.)
856 4 0 _uhttp://site.ebrary.com/lib/rucke/Doc?id=10224751
_zAn electronic book accessible through the World Wide Web; click to view
999 _c26443
_d26443